1061 1889 1518 1360 1382 1932 1921 1297 1757 1458 1830 1057 1223 1545 1398 1251 1977 1649 1651 1101 1265 1425 1883 1679 1570 1134 1839 1709 1115 1778 1607 1973 1170 1077 1630 1853 1211 1081 1001 1734 1898 1970 1060 1799 1933 1689 1607 1123 1282 1597 1380 1809 1728 1686 1651 1300 1289 1285 1949 1525 1661 1422 1876 1044 1747 1071 1092 1719 1770 1550 1825 1969 1120 1462 1338 1952 1201 1267 1919 1235 1954 1792 1186 1866 1915 1376 1266 1853 1599 1456 1302 1937 1781 1581 1516 1365 1123 1515 1668 BCNSPRNW ULIB Ver.6.0+V

เปลี่ยนเป็นภาษาไทย

Change to English
 แสดงรายละเอียดบรรณานุกรม
  กลับหน้าหลัก

Brief Record : Get Marc (ISO 2709) : E-mail record : QR code < ปิดหน้าต่าง
LEADER : 00000nam 2200000uu 4500
001    13399121905
003     ULIB
008    121213s2548||||th 000 0 tha d
020    ^a9749717864
060 04 ^aWO200^bอ485ต 2548
245 00 ^aตำราวิสัญญีวิทยา /^cอังกาบ ปราการรัตน์, วรภา สุวรรณจินดา,บรรณาธิการ
250    ^aพิมพ์ครั้งที่ 3
260    ^aกรุงเทพฯ :^bภาควิชาวิสัญญีวิทยา คณะแพทยศาสตร์ศิริราชพยาบาลมหาวิทยาลัยมหิดล,^c2548
300    ^aฑ, 782 หน้า :^bภาพประกอบ ;^c30 ซม.
500    ^aพิมพ์ครั้งที่ 1 และครั้งที่ 3 ปีเดียวกัน
500    ^aหนังสือได้รับรางวัลประเภทชมเชย รางวัลตำราศิริราช-มหิดล ปี2548
650  7 ^aยาระงับความรู้สึก
650  7 ^aวิสัญญีวิทยา
650  7 ^aรางวัลตำราศิริราช-มหิดล
653    ^aผลงานอาจารย์คณะแพทยศาสตร์ศิริราชพยาบาล
700 0  ^aอังกาบ ปราการรัตน์,^eบรรณาธิการ
700 0  ^aวรภา สุวรรณจินดา,^eบรรณาธิการ
710 2  ^aมหาวิทยาลัยมหิดล. ^bคณะแพทยศาสตร์ศิริราชพยาบาล.^bภาควิชาวิสัญญีวิทยา
945    ^p500^l0^i15183
995    ^aทศพร
999    ^aทศพร เกษรทอง
รายการนี้ยังไม่มีแท็ก
คุณยังไม่ได้ล็อกอิน คุณสามารถมีกิจกรรมร่วมกับเว็บไซต์ได้ แต่ต้องล็อกอินก่อน ::
  ล็อกอิน

รายการสื่อสารสนเทศ

ลำดับที่ ประเภท เลขเรียก/บาร์โค้ด สถานที่ สถานะ
1. วิทยาศาสตร์การแพทย์ และสุขภาพ
วิทยาศาสตร์การแพทย์ และสุขภาพ
WO200 อ485ต 2548 ฉ.1 
  Barcode: 15183
ห้องสมุดวิทยาเขตสวรรค์ประชารักษ์
►หนังสือทั่วไป
บนชั้น

รายการใกล้เคียง
    หัวเรื่อง [ยาระงับความรู้สึก]
    หัวเรื่อง [วิสัญญีวิทยา]
    หัวเรื่อง [รางวัลตำราศิริราช-มหิดล]

BibComment


ยังไม่เคยถูกคอมเมนท์

คอมเมนท์ทรัพยากรรายการนี้
  คอมเมนท์: ตำราวิสัญญีวิทยา..


 Copyright 2026. Bcnsprnw @Library